000 00228nam a22000857a 4500
008 160824b xxu||||| |||| 00| 0 eng d
100 _9234
_a Shamsi, K.N., et al
245 _aComputers Update - 2
260 _aNew Delhi
_b Cordova
_c2006
999 _c2889
_d2889